Normas internacionales de información financiera -NIIF- 2004: donde también se incluyen las normas internacionales de contabilidad -NIC- y sus interpretaciones
Guardat en:
| Autor corporatiu: | , |
|---|---|
| Format: | Llibre |
| Idioma: | espanyol |
| Publicat: |
Londres
International Accounting Standards Committee Foundation
2004
|
| Matèries: | |
| Etiquetes: |
Afegir etiqueta
Sense etiquetes, Sigues el primer a etiquetar aquest registre!
|
MARC
| LEADER | 00000nam a2200000 a 4500 | ||
|---|---|---|---|
| 001 | UCK5246 | ||
| 003 | CL-VaPUC | ||
| 008 | 050715e20040000UK |||||||||||||||||spa|d | ||
| 020 | |a 9706652116 | ||
| 082 | 0 | 4 | |a 657 |b INT |2 21 |
| 110 | 2 | |a International Accounting Standards Committee Foundation |e author |9 494005 | |
| 710 | 2 | |a IASCF |e author |9 494006 | |
| 245 | 1 | 0 | |a Normas internacionales de información financiera -NIIF- 2004: donde también se incluyen las normas internacionales de contabilidad -NIC- y sus interpretaciones |
| 246 | 1 | 0 | |a Texto completo de las normas internacionales de informacion financiera emitidas a 1 de enero de 2003 |
| 300 | |a 1500 p | ||
| 942 | |c BK | ||
| 945 | |d 20050715 00:00:00 |a jcarroza | ||
| 260 | |a Londres |b International Accounting Standards Committee Foundation |c 2004 | ||
| 650 | 0 | |a Contabilidad |9 261430 | |
| 650 | 0 | |a Estados de cuentas |9 352305 | |
| 650 | 7 | |a NORMAS INTERNACIONALES |2 CL-VaPUC |9 341712 | |
| 650 | 7 | |a ESTADOS FINANCIEROS |2 CL-VaPUC |9 494007 | |
| 583 | |a last modification |c 20050715 00:00:00 |k Rodrigo Vera | ||
| 999 | |c 313878 |d 313876 | ||
| 952 | |0 0 |1 0 |4 0 |6 657_000000000000000_INT_2004 |7 0 |8 P |9 385632 |a BIBGIM |b BIBGIM |d 2019-11-22 |i 4146727 |o 657 INT 2004 |p 4146727 |r 2025-01-15 |w 2019-11-22 |y BK |k COM | ||
| 952 | |0 0 |1 0 |4 0 |6 657_000000000000000_INT_2004 |7 0 |8 P |9 385633 |a BIBGIM |b BIBGIM |d 2019-11-22 |i 4146719 |o 657 INT 2004 |p 4146719 |r 2025-01-15 |w 2019-11-22 |y BK |k COM | ||
| 952 | |0 0 |1 0 |4 0 |6 657_000000000000000_INT_2004 |7 0 |8 P |9 385634 |a BIBGIM |b BIBGIM |d 2019-11-22 |i 4146700 |o 657 INT 2004 |p 4146700 |r 2025-01-15 |w 2019-11-22 |y BK |k COM | ||
| 952 | |0 0 |1 0 |4 0 |6 657_000000000000000_INT_2004 |7 0 |8 P |9 385635 |a BIBGIM |b BIBGIM |d 2019-11-22 |i 4146697 |o 657 INT 2004 |p 4146697 |r 2025-01-15 |w 2019-11-22 |y BK |k COM | ||
| 952 | |0 0 |1 0 |4 0 |6 657_000000000000000_INT_2004 |7 0 |8 P |9 385636 |a BIBGIM |b BIBGIM |d 2019-11-22 |i 4146689 |o 657 INT 2004 |p 4146689 |r 2025-01-15 |w 2019-11-22 |y BK |k COM | ||
| 952 | |0 0 |1 0 |4 0 |6 657_000000000000000_INT_2004 |7 0 |8 P |9 385637 |a BIBGIM |b BIBGIM |d 2019-11-22 |i 4157591 |o 657 INT 2004 |p 4157591 |r 2025-01-15 |w 2019-11-22 |y BK |k COM | ||
| 952 | |0 0 |1 0 |4 0 |6 657_000000000000000_INT_2004 |7 0 |8 P |9 385638 |a BIBGIM |b BIBGIM |d 2019-11-22 |i 4157605 |o 657 INT 2004 |p 4157605 |r 2025-01-15 |w 2019-11-22 |y BK |k COM | ||
| 952 | |0 0 |1 0 |4 0 |6 657_000000000000000_INT_2004 |7 0 |8 P |9 385639 |a BIBGIM |b BIBGIM |d 2019-11-22 |i 4157613 |o 657 INT 2004 |p 4157613 |r 2025-01-15 |w 2019-11-22 |y BK |k COM | ||
| 952 | |0 0 |1 0 |4 0 |6 657_000000000000000_INT_2004 |7 0 |8 P |9 385640 |a BIBGIM |b BIBGIM |d 2019-11-22 |i 4157621 |o 657 INT 2004 |p 4157621 |r 2025-01-15 |w 2019-11-22 |y BK |k COM | ||
| 952 | |0 0 |1 0 |4 0 |6 657_000000000000000_INT_2004 |7 0 |8 P |9 385641 |a BIBGIM |b BIBGIM |d 2019-11-22 |i 415763K |o 657 INT 2004 |p 415763K |r 2025-01-15 |w 2019-11-22 |y BK |k COM | ||
| 952 | |0 0 |1 0 |4 0 |6 657_000000000000000_INT_2004 |7 0 |8 P |9 385642 |a BIBGIM |b BIBGIM |d 2019-11-22 |i 4157648 |o 657 INT 2004 |p 4157648 |r 2025-01-15 |w 2019-11-22 |y BK |k COM | ||
| 952 | |0 0 |1 0 |4 0 |6 657_000000000000000_INT_2004 |7 0 |8 P |9 385643 |a BIBGIM |b BIBGIM |d 2019-11-22 |i 4157656 |o 657 INT 2004 |p 4157656 |r 2025-01-15 |w 2019-11-22 |y BK |k COM | ||
| 952 | |0 0 |1 0 |4 0 |6 657_000000000000000_INT_2004 |7 0 |8 P |9 385644 |a BIBGIM |b BIBGIM |d 2019-11-22 |i 4157664 |o 657 INT 2004 |p 4157664 |r 2025-01-15 |w 2019-11-22 |y BK |k COM | ||
| 952 | |0 0 |1 0 |4 0 |6 657_000000000000000_INT_2004 |7 0 |8 P |9 385645 |a BIBGIM |b BIBGIM |d 2019-11-22 |i 4157672 |o 657 INT 2004 |p 4157672 |r 2025-01-15 |w 2019-11-22 |y BK |k COM | ||
| 952 | |0 0 |1 0 |4 0 |6 657_000000000000000_INT_2004 |7 0 |8 P |9 385646 |a BIBGIM |b BIBGIM |d 2019-11-22 |i 4157680 |o 657 INT 2004 |p 4157680 |r 2025-01-15 |w 2019-11-22 |y BK |k COM | ||
| 952 | |0 0 |1 0 |4 0 |6 657_000000000000000_INT_2004 |7 0 |8 P |9 385647 |a BIBGIM |b BIBGIM |d 2019-11-22 |i 4157699 |o 657 INT 2004 |p 4157699 |r 2025-01-15 |w 2019-11-22 |y BK |k COM | ||
| 952 | |0 0 |1 0 |4 0 |6 657_000000000000000_INT_2004 |7 0 |8 P |9 385648 |a BIBGIM |b BIBGIM |d 2019-11-22 |i 4157702 |o 657 INT 2004 |p 4157702 |r 2025-01-15 |w 2019-11-22 |y BK |k COM | ||
| 952 | |0 0 |1 0 |4 0 |6 657_000000000000000_INT_2004 |7 0 |8 P |9 385649 |a BIBGIM |b BIBGIM |d 2019-11-22 |i 4157710 |o 657 INT 2004 |p 4157710 |r 2025-01-15 |w 2019-11-22 |y BK |k COM | ||
| 952 | |0 0 |1 0 |4 0 |6 657_000000000000000_INT_2004 |7 0 |8 P |9 385650 |a BIBGIM |b BIBGIM |d 2019-11-22 |i 4157729 |o 657 INT 2004 |p 4157729 |r 2025-01-15 |w 2019-11-22 |y BK |k COM | ||
| 952 | |0 0 |1 0 |4 0 |6 657_000000000000000_INT_2004 |7 0 |8 P |9 385651 |a BIBGIM |b BIBGIM |d 2019-11-22 |i 4157737 |o 657 INT 2004 |p 4157737 |r 2025-01-15 |w 2019-11-22 |y BK |k COM | ||
| 952 | |0 0 |1 0 |4 0 |6 657_000000000000000_INT_2004 |7 0 |8 P |9 385652 |a BIBGIM |b BIBGIM |d 2019-11-22 |i 4189744 |o 657 INT 2004 |p 4189744 |r 2025-01-15 |w 2019-11-22 |y BK |k COM | ||
| 952 | |0 0 |1 0 |4 0 |6 657_000000000000000_INT_2004 |7 0 |8 P |9 385653 |a BIBGIM |b BIBGIM |d 2019-11-22 |i 4189752 |o 657 INT 2004 |p 4189752 |r 2025-01-15 |w 2019-11-22 |y BK |k COM | ||
| 952 | |0 0 |1 0 |4 0 |6 657_000000000000000_INT_2004 |7 0 |8 P |9 385654 |a BIBGIM |b BIBGIM |d 2019-11-22 |i 4189760 |o 657 INT 2004 |p 4189760 |r 2025-01-15 |w 2019-11-22 |y BK |k COM | ||
| 952 | |0 0 |1 0 |4 0 |6 657_000000000000000_INT_2004 |7 0 |8 P |9 385655 |a BIBGIM |b BIBGIM |d 2019-11-22 |i 4189779 |o 657 INT 2004 |p 4189779 |r 2025-01-15 |w 2019-11-22 |y BK |k COM | ||
| 952 | |0 0 |1 0 |4 0 |6 657_000000000000000_INT_2004 |7 0 |8 P |9 385656 |a BIBGIM |b BIBGIM |d 2019-11-22 |i 4189787 |o 657 INT 2004 |p 4189787 |r 2025-01-15 |w 2019-11-22 |y BK |k COM | ||